[Event "Olympiad-42"]
[Site "Baku"]
[Date "2016.09.09"]
[Round "7.3"]
[White "Nepomniachtchi, Ian"]
[Black "Hracek, Zbynek"]
[Result "1-0"]
[WhiteElo "2740"]
[BlackElo "2591"]
[Annotator "Moradiabadi,E"]
[PlyCount "81"]
[EventDate "2016.09.02"]
[EventType "team-swiss"]
[EventRounds "11"]
[EventCountry "AZE"]
[SourceTitle "CBM 175"]
[Source "ChessBase"]
[SourceDate "2016.11.10"]
[SourceVersion "1"]
[SourceVersionDate "2016.11.10"]
[SourceQuality "1"]
[WhiteTeam "Russia"]
[BlackTeam "Czech Republic"]
[WhiteTeamCountry "RUS"]
[BlackTeamCountry "CZE"]

{Nepomniachtchi (Nepo from now on because I feel too lazy to write down the
whole name!) has been an instrumental figure in Russia's strong comeback to
top team. You know, he has just won all of his games so far!} 1. e4 c5 {} 2.
Nf3 Nc6 3. d4 {} cxd4 {} 4. Nxd4 {} Nf6 {} 5. Nc3 {} e5 {Hracek is a
veteran GM with years of experience at the highest level. He always plays
'healthy' openings with good grasp of middlegame nuances. His choice of
opening today is a Sveshnikov!} 6. Ndb5 d6 7. Bg5 a6 {} 8. Na3 b5 9. Nd5 {
The favourite move of 12th world champion Anatoly Karpov.} (9. Bxf6 gxf6 {
used to be the main line but it is not so any more!} 10. Nd5 f5 11. Bxb5 {
is one of the fun forced draws in this line. This line has been researched by
theoretician for as long as this opening has been in the mainstream of chess
events!} (11. c3 {This, however, is a serious live theoretical discussion.} Bg7
12. Bd3 Be6 13. Nxb5 axb5 14. Bxb5 {Engines give a lot of advantage to White
in this position.} Bd7 15. exf5 Nb8 16. a4 Bxb5 17. axb5 Rxa1 18. Qxa1 Nd7 19.
Qa7 O-O 20. O-O Nf6 21. Ne7+ Kh8 22. b6 Qd7 23. c4 e4 24. b7 Qc7 25. Nc6 Qxc6
26. b8=Q Rxb8 27. Qxb8+ Ng8 28. Qb5 Qc8 29. b4 Be5 30. Qd5 Qxf5 31. f4 exf3 32.
Qxf3 Qg5 33. Qxf7 Qh4 34. g3 Bxg3 35. hxg3 Qxg3+ {1/2 (37)-1/2 (37) Shankland,
S (2646)-Shirov,A (2682) Edmonton 2016}) 11... axb5 12. Nxb5 Ra4 13. b4 Qh4 14.
O-O Rg8 15. c3 f4 16. g3 Kd8 17. Qxa4 fxg3 18. fxg3 Rxg3+ 19. hxg3 Qxg3+ 20.
Kh1 Qh3+ 21. Kg1 {1/2-1/2 (23) Mamedov,R (2666)-Jobava,B (2669) Izmir 2016})
9... Be7 10. Bxf6 Bxf6 11. c4 {Nepo plays this exclusively against the
Sveshnikov.} b4 12. Nc2 O-O 13. g3 Be6 14. h4 a5 15. Bh3 a4 {Nepo himself had
reached this position back in 2009 against Ni Hua.} 16. Qd3 $146 {This move
seems very natural but it is a novelty! We may not be surprised to see a
novelty on move 16 in the Berlin, the Spanish or even the French Defence,
however, it is rare to see a novelty in the Sveshnikov this early!} (16. b3
Bxd5 17. cxd5 Nd4 18. Nxd4 exd4 19. O-O Re8 20. bxa4 Rxe4 21. Rc1 Re8 22. Rc4
d3 23. Qxd3 Rxa4 24. Rfc1 Ra3 25. Qc2 Bc3 26. Rc8 Qe7 27. Rxe8+ Qxe8 28. Bf1 g6
29. Bc4 Ra7 30. Qd3 Re7 {1/2-1/2 (30) Nepomniachtchi,I (2632)-Ni,H (2701)
Sochi 2009}) 16... b3 $1 {This is why nobody plays 16.Qd3. Nepo on the other
hand has a different opinion.} 17. Nce3 $6 {Very very dubious!} (17. axb3 axb3
18. Na3 (18. Rxa8 $4 bxc2 $19) 18... Qa5+ $1 {This is not just a check!} 19.
Kf1 Bd8 $1 {Black re-routes his bishop!} 20. Kg2 Qc5 21. Qxb3 (21. Nb5 Bxd5 22.
cxd5 (22. Rxa8 $4 Nb4 $19) 22... Nb4 23. Qe2 Na2 $1 {[%cal Gd8b6]}) 21... Rb8
22. Qe3 Qxe3 23. Nxe3 Rxb2 $11) 17... bxa2 $2 {A weak reaction from Hracek. He
had to go "all in" in this position. It may not be something he likes but it
is what the position call for.} (17... a3 $1 18. Qxb3 (18. axb3 axb2 19. Rb1
Bxh3 20. Rxh3 Ra1 21. Rh1 Qa5+ (21... Qb8 22. Kd2 Nd4 23. b4 Qa7 24. Nc3 Rb8
25. Ned5 Nb3+ 26. Kc2 Ra3 27. Rhf1 Nd4+ 28. Kxb2 (28. Kd2 Rb3 $19 {[%cal Ga7a3]
}) 28... Rxb4+ 29. Nxb4 Rb3+ 30. Kc1 Rxc3+ 31. Qxc3 Ne2+ 32. Kc2 Nxc3 33. Nc6
Qa2+ 34. Kxc3 g6 35. Ra1 Qe2 36. Rae1 Qf3+ 37. Kb4 g5 $1 {and Black is better
thanks to White's exposed king!}) 22. Kf1 Rxb1+ 23. Qxb1 Qa3 24. Qd1 Rb8 25.
Kg2 Bd8 $17) 18... Nd4 19. Qc3 Qd7 $1 {I think Hracek missed the power of this
move and that is why he did not enter this line.} 20. Nxf6+ gxf6 21. Bxe6 (21.
Bg2 axb2 22. Qxb2 Rfb8 23. Qc3 Qa4 24. Kf1 (24. O-O $4 Ne2+ {White loses his
queen.}) 24... Rb3 $19) 21... fxe6 22. b3 (22. b4 Qb7) 22... Qb7 23. Qd3 f5 24.
O-O fxe4 25. Qd1 Nf3+ 26. Kh1 Rad8 {and d5-d4 seems unstoppable.}) 18. Rxa2
Qa5+ {} 19. Kf1 Bxd5 $6 (19... Qc5 20. Kg2 Nd4 21. Rha1 Nb3 22. Rd1 Nd4 {
is probably better than Hracek's passive approach in the game.}) 20. Nxd5 Nb4 {
} 21. Nxb4 {} Qxb4 {} 22. Bd7 $1 {} Bd8 $1 {Both players are activating
their bishops.} 23. Bc6 Ra7 {} 24. Qc2 a3 $2 {This is a tactical blunder.
Hracek is not playing active chess today.} (24... Bb6 25. Rxa4 Rxa4 26. Bxa4
Bd4 27. b3 f5 28. exf5 Qb7 29. Rh2 g6 30. g4 (30. h5) (30. fxg6 Bxf2 31. gxh7+
Kh8 {was very dangerous for White.}) 30... Qf3 31. Rg2 Kh8 32. b4 gxf5 33. gxf5
Rg8 34. Rxg8+ Kxg8 {and Black's activity should suffice for a draw despite
White's two extra pawns.}) 25. Kg2 {} Qc5 {} 26. Bd5 g6 $2 {This is just a
waste of time.} (26... axb2 27. Rxb2 Qc7 28. Rhb1 Qd7 29. Rb7 Rxb7 30. Rxb7 Bc7
31. Qb3 {and White's attack may or may not be decisive but at least not any
time soon!}) 27. Rb1 $1 {A strong move which assures White's control over the
seventh rank.} axb2 28. Raxb2 Kh8 29. Rb5 {} Qc8 30. Rb8 Qd7 31. Qd2 Kg7 32.
R8b7 Rxb7 33. Rxb7 Qg4 {After the 6th round game between L'Ami-Adhiban this is
the second time I am commenting on opposite coloured bishops in time of attack
and defence! Since White has a strong attack on the f7-square and Black's
dark-squared bishop is helpless in defending f7, it is as if White is a piece
up in his attack.} (33... Bc7 {was a sad necessity. Nevertheless, White's
advantage remains decisive.} 34. h5 h6 35. hxg6 Kxg6 36. Qb2 $18) 34. Qa2 $18 {
White's attack is unstoppable.} Bxh4 {The equivalent of resignation.} 35. Qa7
Kh6 36. Rxf7 Rxf7 37. Qxf7 Bg5 38. Qf8+ Kh5 39. Qxd6 {} Bf4 40. Qf6 Qg5 41.
Qf7 {Hracek's reaction to Nepo's dubious novelty was slow and not active. Nepo
did all he had to do, activated his bishop, placed his rooks on the right
squares and seized the seventh rank. He simply asked several difficult
questions from Hracek in this game and unfortunately for the Czechs and Hracek,
he failed to answer them.} 1-0

[Event "RUS-chT"]
[Site "Dagomys"]
[Date "2008.04.04"]
[Round "3"]
[White "Movsesian, Sergei"]
[Black "Popov, Ivan1"]
[Result "1-0"]
[WhiteElo "2695"]
[BlackElo "2594"]
[Annotator "Movsesian,S"]
[PlyCount "105"]
[EventDate "2008.04.02"]
[EventType "team"]
[EventRounds "11"]
[EventCountry "RUS"]
[SourceTitle "CBM 124"]
[Source "ChessBase"]
[SourceDate "2008.05.28"]
[SourceVersion "1"]
[SourceVersionDate "2008.05.28"]
[SourceQuality "1"]
[WhiteTeam "St Petersburg Finek"]
[BlackTeam "Moscow ShSM-64"]
[WhiteTeamCountry "RUS"]
[BlackTeamCountry "RUS"]

1. e4 c5 2. Nf3 e6 3. d4 cxd4 4. Nxd4 Nc6 5. Nc3 Nf6 6. Ndb5 d6 7. Bf4 e5 8.
Bg5 a6 9. Na3 b5 10. Nd5 Be7 11. Bxf6 Bxf6 12. c4 b4 13. Nc2 a5 14. g3 O-O 15.
Bg2 Bg5 16. O-O Ne7 17. Nde3 ({In the first round of the competition I played} 
17. b3 {but after} Nxd5 18. Qxd5 Be6 19. Qd3 Qb6 $11 {Black reached
comfortable equality in Movsesian-Tregubov, Russia (tch) 2008.}) 17... Bxe3 18.
Nxe3 Be6 19. Qd3 Qb6 20. Nf5 $5 {This move technically taken is not a novelty.
According to the database, White offered a draw (which was accepted) in
Romanenko-Zhigalko,S, BLR (ch) 2008... I decided to try to play a little bit
further...} ({Too slow is} 20. Kh1 Rac8 21. b3 Kh8 22. Rac1 Rcd8 23. Nf5 Nc6
24. Qe3 Qc7 $11 {Fedorov-Radjabov, Kemer 2007}) 20... Bxf5 ({A couple of days
later after our game Black tried} 20... Nc8 21. Rac1 Ra7 22. h4 g6 23. Ne3 Ne7
24. Kh2 Rd7 25. f4 exf4 26. gxf4 f5 27. Bh3 Kh8 28. Qd2 $13 {Bezgodov-Filippov,
Russia (tch-2) 2008}) 21. exf5 Rac8 22. Rad1 Rfd8 23. b3 $14 {White can be
happy with the results of the opening: Black has just to wait and protect
eternal weakness on d6, also the white bishop is clearly stronger than the
black knight,as the exchange of pieces has been in White´s favour.} Rc5 24. Be4
f6 25. Qf3 a4 {Black doesn't want just to sit back and wait, but opening the
a-file helps White...} 26. Rd3 ({I also considered} 26. Rfe1 $5 axb3 27. axb3
Nc6 28. Bd5+ Kh8 29. Qh5 $14) 26... axb3 27. axb3 Nc6 28. Bd5+ Kh8 29. Bxc6
Rxc6 (29... Qxc6 30. Qxc6 Rxc6 31. Ra1 $16) 30. Rfd1 Qc7 31. Rd5 Rb8 32. Qd3
Rbb6 33. Ra1 $16 h6 34. Ra8+ Rb8 35. Rda5 Rcb6 36. Qd5 Rxa8 37. Rxa8+ Rb8 38.
Ra6 Rd8 39. Rc6 Qd7 40. g4 $6 ({More accurate was} 40. Rb6 $1 Qxf5 41. c5 Rc8
42. Rxd6 $16) 40... g6 $1 {Black immediately takes the opportunity to release
the pressure.} 41. Qe6 Kg7 42. Rb6 h5 $2 {But this is too much...} (42... gxf5
43. gxf5 Qxe6 44. fxe6 Kf8 $1 ({From some reason I considered only} 44... f5
45. e7 Re8 46. Rxd6 Rxe7 47. Rb6 $16) 45. Rb7 Ra8 {and Black is out of trouble.
}) 43. Qd5 $1 {Now the weakened position of the black king becomes critical.}
Qf7 44. Rb7 Rd7 45. fxg6 Kxg6 46. gxh5+ Kg7 47. h6+ Kg6 48. Qd3+ f5 49. Rxd7
Qxd7 50. c5 $1 d5 51. Qg3+ ({Even stronger was} 51. Qa6+ $1 Kh7 52. Qf6 $18)
51... Kxh6 52. Qxe5 Kh5 53. Qf6 1-0

[Event "EU-Cup 17th"]
[Site "Panormo"]
[Date "2001.09.25"]
[Round "3.5"]
[White "Movsesian, Sergei"]
[Black "Grivas, Efstratios"]
[Result "1/2-1/2"]
[WhiteElo "2627"]
[BlackElo "2489"]
[Annotator "Movsesian,S"]
[PlyCount "82"]
[EventDate "2001.09.22"]
[EventType "team-swiss"]
[EventRounds "7"]
[EventCountry "GRE"]
[SourceTitle "CBM 084 Extra"]
[Source "ChessBase"]
[SourceDate "2001.10.26"]
[SourceVersion "1"]
[SourceVersionDate "2001.10.26"]
[SourceQuality "1"]
[WhiteTeam "Sarajevo Bosna"]
[BlackTeam "Kydon Chanion"]
[WhiteTeamCountry "BIH"]
[BlackTeamCountry "GRE"]

1. e4 c5 2. Nf3 Nc6 3. d4 cxd4 4. Nxd4 Qb6 5. Nb3 Nf6 6. Nc3 e6 7. Qe2 Bb4 8.
Bd2 O-O 9. a3 Be7 10. O-O-O d5 $5 $146 (10... d6 11. g4 a6 12. g5 Nd7 13. h4
Qc7 14. f4 $40 {didn't end up well for black in a game Anand-Kramnik, Mainz 
(blitz) 2001}) 11. Be3 Qc7 12. exd5 Nxd5 13. Nxd5 exd5 14. g4 $5 {[%cal Gg4f5,
Gg4g5]} (14. g3 Be6 15. Bg2 Rfd8 16. Nd4 Bf6 $13) 14... Rd8 (14... Be6 $6 15.
f4 $36) 15. Bg2 Be6 16. Kb1 Rac8 17. f4 (17. h3 $142 $5 $14 {[%cal Yf2f4]})
17... d4 18. Bc1 (18. Nxd4 Nxd4 19. Rxd4 Rxd4 20. Bxd4 Qxf4 $11) 18... d3 $1 {
black immediately takes a chance to change the type of a position} (18... Bf6
$143 19. f5 Bxb3 20. cxb3 $16 {[%cal Yg2e4,Yg4g5]}) 19. Rxd3 Rxd3 20. Qxd3 Bxg4
21. Be4 g6 22. f5 Qd6 $1 (22... Bf6 23. Rg1 Ne5 24. Qf1 $1 $40 {[%csl Rf6]
[%cal Yh2h3]}) (22... Ne5 23. Qg3 $40) 23. Qc4 gxf5 24. Rg1 $2 (24. Bd5 $142
Rf8 (24... Kh8 25. Bxf7 (25. Bf4 b5 $1) 25... Bf6 $13) 25. Bf4 b5 (25... Ne5 $2
26. Qd4 Bf6 27. Re1 $18) 26. Qxb5 Qxf4 27. Qxc6 $13) 24... Qxh2 25. Rh1 Qc7 $1
$17 (25... Qd6 $2 26. Bd5 Kh8 27. Rh6 $40) 26. Bd5 Ne5 27. Qf4 h5 $1 {with
such a pawn "castle" black has nothing to be worry about} (27... Qxc2+ $2 28.
Ka2 $40) 28. Nd4 Bf6 29. Rg1 Bg7 $138 30. Rg2 Ng6 31. Qd2 a6 $2 (31... Rd8 32.
Nb5 Qe5 33. c4 (33. Bxf7+ Kxf7 34. Qxd8 Qxb5 $19) 33... a6 $19) 32. Nf3 Ne7 33.
Bb3 Rd8 $4 (33... Bxf3 $1 34. Rxg7+ Kxg7 35. Qh6+ Kg8 36. Qg5+ (36. Bg5 Nd5 $1
37. Bxd5 Qxc2+ 38. Ka1 Qd1+ $19 {and white king is mated instead of his black
opponent}) 36... Kf8 37. Qf6 Ng6 $19) 34. Qf2 Rd1 35. c3 Rd7 $6 (35... Rxc1+ $5
{was probably a last chance to keep an advantage} 36. Kxc1 Qf4+ 37. Nd2 Qxf2
38. Rxf2 h4 $15) 36. Ng5 Nd5 37. Nxf7 $1 $11 Kxf7 38. Rxg4 hxg4 39. Qxf5+ Ke8
40. Bxd5 Qd6 (40... Qe5 41. Qg6+ Kd8 42. Be6 $11) 41. Be6 Qd3+ 1/2-1/2

[Event "American Continental 3rd"]
[Site "Buenos Aires"]
[Date "2005.08.12"]
[Round "7"]
[White "Rodriguez Vila, Andres"]
[Black "Shabalov, Alexander"]
[Result "1-0"]
[WhiteElo "2523"]
[BlackElo "2593"]
[Annotator "Mueller,Karsten"]
[PlyCount "133"]
[EventDate "2005.08.06"]
[EventType "swiss"]
[EventRounds "11"]
[EventCountry "ARG"]
[SourceTitle "CBM 109"]
[Source "ChessBase"]
[SourceDate "2005.11.14"]
[SourceVersion "1"]
[SourceVersionDate "2005.11.14"]
[SourceQuality "1"]

1. e4 c5 2. Nf3 Nc6 3. d4 cxd4 4. Nxd4 e5 5. Nb5 d6 6. N1c3 a6 7. Na3 Nf6 8.
Bg5 b5 9. Nd5 Be7 10. Bxf6 Bxf6 11. c3 Bb7 12. Nc2 O-O 13. a4 bxa4 14. Rxa4 a5
15. Nce3 Bg5 16. Nf5 g6 17. h4 Be7 18. Nh6+ Kg7 19. Qd2 Bc8 20. Rc4 Bd7 21.
Nxe7 Qxe7 22. h5 Rac8 23. Be2 Be6 24. Ra4 g5 25. Nf5+ Bxf5 26. h6+ Kh8 27. exf5
Rfd8 28. Bf3 d5 29. Bxd5 Nd4 30. O-O Nxf5 31. Rxa5 Rd6 32. Rfa1 Nxh6 33. Ra8
Rxa8 34. Rxa8+ Kg7 35. c4 Nf5 36. c5 Rd7 37. c6 Rd6 38. Qa5 Nd4 39. c7 Rxd5 40.
Rg8+ Kf6 41. Qa6+ Rd6 42. c8=Q Rxa6 43. Qxa6+ Ne6 44. Qc6 Qb4 45. Qf3+ Nf4 46.
g3 Qe1+ 47. Kh2 e4 48. Qc3+ Qxc3 49. bxc3 Nd3 50. Kg2 h5 51. Rh8 h4 52. gxh4
gxh4 53. Rxh4 Ke5 54. Rh8 f5 55. Rd8 f4 56. c4 Ke6 57. Re8+ Kf5 58. Re7 f3+ 59.
Kg3 Nc1 60. c5 Ne2+ 61. Kh4 Nd4 62. Re8 Kf4 63. Kh5 Kf5 64. Kh4 Ne6 65. c6 (65.
Rxe6 Kxe6 66. Kg3 Kd5 67. Kf4 Kd4 68. c6 Kd3 69. c7 e3 70. c8=Q exf2 71. Qa6+
$18 {with a banal win. In the game there was a pretty finish. gewann profan.
In der Partie folgt ein hübsches Finale.}) 65... e3 66. c7 $1 e2 (66... Nxc7
67. Rxe3 Kf4 68. Re7 Nd5 69. Rf7+ Ke4 70. Kg4 $18) (66... exf2 67. c8=Q f1=Q
68. Qxe6+ $18) 67. Rxe6 (67. Rxe6 Kxe6 68. c8=Q+ Kd5 69. Qc3 $18) 1-0

[Event "EU-chT (Men) 15th"]
[Site "Gothenburg"]
[Date "2005.08.02"]
[Round "4.2"]
[White "Kristjansson, Stefan"]
[Black "Pilaj, Herwig"]
[Result "1-0"]
[WhiteElo "2459"]
[BlackElo "2425"]
[Annotator "Mueller,Karsten"]
[PlyCount "123"]
[EventDate "2005.07.30"]
[EventType "team-swiss"]
[EventRounds "9"]
[EventCountry "SWE"]
[SourceTitle "CBM 109"]
[Source "ChessBase"]
[SourceDate "2005.11.14"]
[SourceVersion "1"]
[SourceVersionDate "2005.11.14"]
[SourceQuality "1"]
[WhiteTeam "Iceland"]
[BlackTeam "Austria"]
[WhiteTeamCountry "ISL"]
[BlackTeamCountry "AUT"]

1. e4 c5 2. Nf3 Nc6 3. d4 cxd4 4. Nxd4 e5 5. Nb5 d6 6. a4 Be7 7. N1c3 a6 8. Na3
Nf6 9. Bg5 O-O 10. Bxf6 Bxf6 11. Nc4 Be6 12. Qxd6 Bxc4 13. Qxd8 Bxd8 14. Bxc4
Ba5 15. O-O-O Bxc3 16. bxc3 Rac8 17. Ba2 Rfd8 18. Rxd8+ Rxd8 19. Bd5 Kf8 20.
Kd2 Ke7 21. Rb1 Na5 22. Kd3 Rd7 23. Rb6 f6 24. c4 Kd8 25. Kc3 Kc7 26. c5 Rd8
27. f3 Ra8 28. Kb4 Nc6+ 29. Bxc6 bxc6 30. Ka5 Rd8 31. Rxa6 Kb7 32. Rb6+ Kc7 33.
Kb4 Rd2 34. Kc3 Rxg2 35. a5 Rxh2 36. a6 Rh1 37. Kb2 Rd1 38. Rb7+ Kc8 39. Rxg7
Kb8 40. Rb7+ Ka8 41. Rf7 Rf1 42. Rxf6 Ka7 43. Kc3 Kxa6 44. Rxc6+ Kb5 45. Rf6
Kxc5 46. Kd3 h5 47. Ke2 Rc1 48. Re6 Kd4 49. Rd6+ Kc4 50. Rd5 Rxc2+ $2 {[%mdl
16384]} (50... h4 51. Kd2 Rf1 52. Rxe5 Rxf3 53. Rh5 Kd4 $11) 51. Ke3 h4 52.
Rxe5 h3 53. Rh5 h2 54. Kf4 Rg2 55. Kf5 Kd4 56. f4 Ra2 (56... Ke3 57. e5 Kf2 58.
e6 Kg1 (58... Kg3 59. e7 Re2 60. Kf6 Kxf4 61. Rxh2 $18) 59. Kf6 h1=Q 60. Rxh1+
Kxh1 61. e7 Re2 62. f5 Kg2 63. Kf7 Kf3 64. e8=Q $18) 57. e5 Kd5 58. e6 Re2 59.
Kf6+ Kd6 60. f5 Rf2 61. e7 Re2 (61... Kd7 62. Kf7 Re2 63. f6 $18) 62. Rxh2 1-0

[Event "GER-ch 70th"]
[Site "Bremen"]
[Date "1998.11.11"]
[Round "6"]
[White "Wahls, Matthias"]
[Black "Mueller, Karsten"]
[Result "1-0"]
[WhiteElo "2605"]
[BlackElo "2550"]
[Annotator "Mueller,Karsten"]
[PlyCount "51"]
[EventDate "1998.11.06"]
[EventType "swiss"]
[EventRounds "9"]
[EventCountry "GER"]
[SourceTitle "CBM 068"]
[Source "ChessBase"]
[SourceDate "1999.02.01"]
[SourceVersion "1"]
[SourceVersionDate "1999.02.01"]
[SourceQuality "1"]

{Bei allen 3 Deutschen Einzel Meisterschaften, die ich bisher gespielt habe,
mußte ich jeweils in der sechsten Runde gegen meinen Vereinskameraden Matthias
Wahls spielen. Die Neuerung bestand dieses Jahr darin, daß ich Schwarz hatte.
Um etwaiiger Vorbereitung aus dem Weg zu gehen, beschloß ich zum ersten Mal in
einer Turnierpartie Schweschnikow zu spielen:} 1. e4 c5 2. Nf3 e6 {vermeidet 3.
Lb5, was Matthias gegen 2...Sc6 früher gespielt hat (wenn man schon 10 Jahre
zusammen in der Bundesliga gespielt hat, kennt man sich natürlich etwas
genauer...)} (2... Nc6 3. d4 cxd4 4. Nxd4 Nf6 5. Nc3 e5 6. Ndb5 d6 7. Bg5 a6 8.
Na3 b5 9. Bxf6 gxf6 10. Nd5 Bg7 11. c3 f5 12. exf5 Bxf5 13. Nc2 O-O 14. Nce3
Be6 15. Bd3 f5 16. Qh5 $5 (16. O-O {wurde in letzter Zeit auf hoher Ebene
häufiger gespielt, siehe z.B. P.Svidler-V.Kramnik und V.Anand-V.Kramnik,
Linares 98 [kommentiert von D.Rogozenko in CBM 64].}) 16... e4 17. Bc2 Bxd5 $6
({die Hauptfortsetzungen sind} 17... Ne7 {(z.B.} 18. Nf4 Bf7 19. Bb3 Qd7 20.
O-O Be5 21. Bxf7+ Rxf7 22. Nfd5 Nxd5 23. Nxd5 Qe6 $14 {1/2-1/2 Almasi,
Z-Kramnik,V/Dortmund 1998/CBM 66/[Kostakiev,D] (23) )}) ({und} 17... Ne5) ({
Ganz schlecht wäre hingegen sofortiges} 17... b4 $2 18. Nf4 Qe8 19. Qxe8 Raxe8
20. Nxe6 Rxe6 21. Bb3 $18 {1-0 Garbarino,R-Sosa Harrison,J/Buenos Aires 1989/
EXT 89op2 (30)}) 18. Nxd5 Ne5 (18... Qe8 19. Qh3 Ra7 20. O-O Ne5 21. Rad1 Ng6
22. f4 $14 {1-0 Jansa,V-Zelkind,M/Gausdal 1990/TD 90\05 (55)}) (18... Ne7 19.
Bb3 Kh8 20. Nf4 Qe8 (20... Rf6 21. Rd1 Qd7 22. O-O $14 {1-0 Pirttimaki,
T-Jacobsen,J/Nordic-chT Pohja 1985/MCL 04 (38)}) 21. Qxe8 Rfxe8 22. Ne6 Rac8
23. Ng5 Be5 24. Nf7+ Kg7 25. Rd1 Rc6 26. Nxe5 dxe5 27. Rd7 $14 {/+/- 1-0
Ghinda,M-Ochoa de Echaguen,F/Cienfuegos 1984/Inf 37 (57)}) 19. O-O Kh8 20. f3
Qe8 (20... exf3 $6 21. Bxf5 {1-0 Jansa,V-Nun,J/CSR-ch 1986/MCL 04 (41)}) 21.
Qxe8 Raxe8 22. fxe4 fxe4 23. Rxf8+ Rxf8 24. Rd1 $14 {1/2-1/2 Marinkovic,
S-Djokic,N/Belgrade 1995/EXP 46 (87)}) 3. d4 cxd4 4. Nxd4 Nf6 5. Nc3 Nc6 6.
Ndb5 d6 7. Bf4 e5 8. Bg5 a6 9. Na3 b5 10. Bxf6 $5 {diese prinzipielle
Fortsetzung hatte Matthias noch nie zuvor in einer Turnierpartie gespielt, und
daher spielte sie auch in meiner Vorbereitung nur eine Nebenrolle. Matthias
wollte wieder das Überraschungsmoment auf seine Seite bringen, wie er mir
hinterher verriet.} gxf6 11. Nd5 f5 12. c3 Bg7 (12... fxe4 $2 13. Bxb5 axb5 14.
Nxb5 $16) 13. exf5 Bxf5 14. Nc2 O-O 15. Nce3 Be6 16. Bd3 f5 17. Qh5 e4 18. Bc2
Bxd5 $6 {"Out of book" gefallen mir Se7 und Se5 nicht so recht. Daher
beschließe ich, den weißfeldrigen Läufer abzutauschen, obwohl dies positionell
natürlich nicht erstrebenswert ist.} 19. Nxd5 b4 $146 20. O-O $5 ({Eine
Variante wie} 20. cxb4 Nd4 21. Ba4 a5 22. b5 Rc8 {mit für die
Schweschnikowvariante üblichen Gegenspiel schwebte mir bei b4 vor.}) 20... bxc3
21. bxc3 Ne7 22. Bb3 Kh8 23. Nf4 Qe8 24. Qh3 (24. Qd1 Be5 25. Ne6 $6 (25. Qd2
$142) 25... Rg8 26. Nc7 Qg6 27. Bxg8 Rxg8 28. g3 f4 $40) 24... Rc8 (24... Be5
$5 {wurde von Klaus Darga und Claus Dieter Meyer, die die Partie live für die
Zuschauer kommentierten, angeregt.} 25. Ne6 Rf6 26. f4 (26. Nc7 $6 Qf8 27. f4
exf3 28. Nxa8 fxg2 $44) 26... exf3 27. Qxf3 $14) 25. Ne6 Rxc3 $4 {[%mdl 8192]
ohne lange nachzudenken (ein schwerwiegender Fehler gegen einen so starken
Gegner !) nahm ich den Turm in die Hand und wollte gerade den Bauern
verspeisen, als mir die Möglichkeit Sxg7 auffiel...Die Stellung war zwar
bereits sehr bedenklich,} ({aber} 25... Rf6 {hätte wohl versucht werden sollen,
z.B.} 26. Nxg7 (26. Qg3 Rg6 27. Qxd6 Bxc3 28. Rac1 $14) 26... Kxg7 27. Qe3 $14)
({Auch Qualitätsopfer mittels} 25... Be5 {(R.Tischbierek in Schach 12/98)} 26.
Nxf8 Qxf8 $14 {/+/-}) ({bzw} 25... Ng6 {kamen in Betracht.}) 26. Nxg7 (26. Nxg7
Rxh3 27. Nxe8 Rxb3 28. axb3 Rxe8 29. Rxa6 d5 30. Rfa1 $18) 1-0